| 000 | 00695nam a2200265Ia 4500 | ||
|---|---|---|---|
| 003 | OSt | ||
| 005 | 20220928125228.0 | ||
| 006 | a|||||r|||| 00| 0 | ||
| 007 | ta | ||
| 008 | 220927b |||||||| |||| 00| 0 eng d | ||
| 024 | _a179 | ||
| 037 | _cTextual | ||
| 040 |
_aSDCL _cSDCL _beng |
||
| 041 |
_2eng _aeng |
||
| 082 | _aW, P7 | ||
| 100 | _aHague Rod | ||
| 245 | 0 |
_aComparative government and politics _bAn introduction |
|
| 250 | _a7 | ||
| 260 |
_aHampshire _bPalgrave Macmillan _c2007 |
||
| 300 |
_axvii,434p _ccm. |
||
| 650 | _aPolitical Science | ||
| 700 | _a Harrop Martin | ||
| 942 |
_hW, P7 _cTEXL _2CC |
||
| 999 |
_c781656 _d781656 |
||